[Event "CRO-ch U15"]
[Site "Trogir"]
[Date "2017.06.17"]
[Round "1"]
[White "Djukin, Karlo"]
[Black "Cotic, Borna"]
[Result "1/2-1/2"]
[WhiteElo "1503"]
[BlackElo "2116"]
[PlyCount "89"]
[EventDate "2017.06.17"]
[EventType "swiss"]
[EventRounds "9"]
[EventCountry "CRO"]
[SourceTitle "CBM 179 Extra"]
[Source "ChessBase"]
[SourceDate "2017.08.23"]
[SourceVersion "1"]
[SourceVersionDate "2017.08.23"]
[SourceQuality "1"]

1. e4 c5 2. Nf3 e6 3. d4 cxd4 4. Nxd4 Nc6 5. Be3 Qc7 6. Be2 a6 7. 0-0 Nf6 8. Nc3 Bb4 9. f3 0-0 10. a3 Bxc3 11. bxc3 d5 12. Bd3 Na5 13. Ne2 Nc4 14. Bxc4 Qxc4 15. Rb1 b5 16. Rb4 Qc6 17. Qd3 Bb7 18. e5 Nd7 19. Rh4 g6 20. Bh6 Rfc8 21. f4 d4 22. Rg4 Qe4 23. Nxd4 Qxd3 24. cxd3 Rxc3 25. f5 exf5 26. Nxf5 Nxe5 27. Ne7+ Kh8 28. Rg3 Rc7 29. Bg5 Kg7 30. Bf6+ Kf8 31. Bxe5 Rxe7 32. Bd6 Rd8 33. Bxe7+ Kxe7 34. Rh3 h5 35. Re3+ Kf8 36. Rf6 Kg7 37. Rf1 Rd6 38. Re7 Bd5 39. Rf4 Be6 40. Rf3 Rd4 41. Re3 Kf6 42. Ra7 Ra4 43. d4 Rxd4 44. Rxa6 b4 45. axb4 1/2-1/2